000 00352nam a2200133Ia 4500
008 240624s9999 xx 000 0 und d
041 _aeng
082 _a658.827 PAN
100 _aPANTIDOS CONSTANTINOS
245 _aLIVING BRANDS HOW BIOLOGY AND NEUROSCIEN
260 _c2018
_aUSA
_bLID PUBLISHING LIMITED
300 _a453p. ;23cm.
365 _c
_b33
999 _c32695
_d32695